000 00597nam a2200193Ia 4500
003 IN-BaIIA
008 211028s9999 xx 000 0 eng d
020 _a978-0-226-28229-9
040 _cIIA Library
080 _a524.3-54
_bPHY
245 0 _aPhysical processes in circumstellar disks around young stars
_cedited by Paulo J. V. Garcia
260 _aChicago
_bUniversity of Chicago Press
_c2011
300 _a422p.
650 _aDisks(Astrophysics)
_934540
650 _aStars-Evolution
_910853
650 _aStars-Formation
_913142
700 _aGarcia, Paulo J. V., ed.
_934541
942 _cBK
999 _c18099
_d18099